00681nam a2200241 a 4500001001300000003000900013005001700022008004100039020002300080082001700103100001800120245001200138260004200150300000900192500003500201505001500236650002000251700001800271902000800289942000700297952011800304999001700422nice12345678IN_TiNIC20260116014559.0050524s2001 newa grp 000 0 eng  a8185738 c11000a133.423bSAK aSakr, Ahmad H aAl Jinn aNew DelhibIslamic Book Servicec2001 a152p aincludes index and biblioraphy2 aConclusion aDemonology-Jinn1 aSakr, Ahmad H bSRS cBK 001040708StackRoom-aHMIbHMId2007-03-15g110.00l0o133.423 SAKp020672r2007-03-15v110.00w2005-05-24yBK c16065d16065